=LDR 00000nam 2200000 4500 =001 INLIS000000000038988 =005 20130612144638 =008 ***********************************ind** =035 ##$$0010-061300000038988 =041 ##$$a ind =082 ##$$a 813 =090 ##$$a 813, Fua r =100 ##$$a FUADI, A =245 ##$$a Rumah 3 warna, Buku kedua dari trilogi negeri 5 menara; A. Fuadi =260 ##$$a 2011 $b Jakarta =300 ##$$a 472 Hlm, 21 cm =650 ##$$a FIKSI =850 ##$$a NBPNMAT